00834pam a2200241 a 4500001000500000005001700005020001500022040002300037050001400060082001100074100001600085245003500101260003800136300005900174500009400233505000800327520015500335521002000490521002000510650002200530650001900552650002100571288320240119160733.0 a0140542655 aDLCcDLCdDLCbeng10aPZ7.S653800a813.541 aSmith, Lane14aThe big pets /cby Lane Smith. aNew York: bPenguin Group ,c1993 a28 unnumbered pages : bcolor illustrations ; c27 cm. a"First published in the United States of America by Viking Penguin ... 1991"--T.p. verso. aN  aA little girl explores the mysterious dreamworld where small children play with their big pets, which range from cats and dogs to snakes and crickets. a550 bLexile  aN bRaz-Plus  1aAnimalsxFiction. 1aPetsxFiction. 1aDreamsxFiction.